Sports Quiz

Random Sports or Islam Quiz

Famous Muslim Athletes Quiz Stats

Quiz not verified by Sporcle

Challenge
Share
Tweet
Score 0/12 Timer 05:00
0 Plays Today
% Correct
Muhammad Ali
99.9%
Kareem Abdul-Jabbar
64.7%
Zinedine Zidane
60.3%
Mo Farah
39.1%
Ahmad Rashad
22.8%
Marat Safin
18.4%
Imran Khan
16.4%
Sonny Bill Williams
9.4%
Nail Yakupov
8.4%
Oussama Mellouli
5.4%
Nurcan Taylan
5%
Nawal El Moutawakel
4%

You're not logged in!

Compare scores with friends on all Sporcle quizzes.
Sign Up with Email
OR
Log In

You Might Also Like...

Show Comments

Extras

Curator's Pick Jan 10, 2017ReportNominate
Tags:Islam Quiz, Athletes, muslim

Top Quizzes Today


Score Distribution

Your Account Isn't Verified!

In order to create a playlist on Sporcle, you need to verify the email address you used during registration. Go to your Sporcle Settings to finish the process.